Diálogo de las cosas ocurridas en Roma (Registro nro. 11779)
[ vista simple ]
| 000 -Sello discográfico | |
|---|---|
| campo de control de longitud fija | 00868nam a2200325 4500 |
| 005 - Identificación de versión | |
| campo de control | 20250925141614.0 |
| 035 ## - Otros números de control del sistema | |
| Número de control del sistema | 4020 |
| 099 ## - fechas locales | |
| Tipo de ítem Koha | LIBRO |
| 100 ## - Datos de procesamiento general | |
| Datos de procesamiento general | 20040927d1946 m y1spay5003 ba |
| 105 ## - Campo de datos codificados: Material textual, monográfico | |
| Datos codificados de monografía | y 001zy |
| 200 1# - Título y mención de responsabilidad | |
| Título propio | Diálogo de las cosas ocurridas en Roma |
| Designación general del material | texto impreso |
| Primer mención de responsabilidad | Alfonso de Valdés |
| Número de una pieza | I |
| 210 ## - Publicación, distribución, etc. | |
| Lugar de publicación, distribución, etc. | Madrid |
| Nombre del editor, distribuidor, etc. | Espasa - Calpe |
| Fecha de publicación, distribución, etc. | 1946 |
| 215 ## - Descripción física | |
| Designación de material específico y extensión del ítem | LXXV + 166 p |
| Dimensiones | 19 cm |
| 318 ## - Nota de acción | |
| Acción | No se presta a domicilio |
| 345 ## - Nota de información de adquisición | |
| Fuente de adquisición/dirección de la suscripción [OBSOLETO] | Donación |
| 410 #1 - Series | |
| Título | Clásicos Castellanos |
| Número de volumen | 89 |
| 676 ## - Clasificación Decimal Dewey | |
| Número | R860 C614 v.89 |
| 700 ## - Nombre personal - Responsabilidad primaria | |
| Elemento de entrada | Valdés |
| Parte del nombre distinta del elemento de entrada | Alfonso de |
| Fechas | 1490-1532 |
| Número Koha | 18434 |
| 801 #0 - Fuente de origen | |
| Agencia | cm |
| 900 ## - | |
| -- | 1/8107 |
| 900 ## - | |
| -- | 7100419873\270904 |
| 942 ## - ELEMENTOS DE ENTRADA SECUNDARIOS (KOHA) | |
| Tipo de ítem Koha | Libro |
No hay ítems disponibles.